00600nam a2200217Ia 4500008004100000020001700041040001400058082002200072100002200094245002400116260003800140300001800178365002800196366000800224505001400232530003000246620003500276630002400311650002300335730002400358100315s9999 xx 000 0 und d a8176350230  cENGLISH  b7152 a005.754  a"Garrett, David " aIntranets Unleashed aNEW DELHI bTECHMEDIA  c1198  a"xliv,906  " eRupees d1 b499.00  f0  gVaibhav  bDonated by RBI Library   a"Intranet, Computer Science " aIntranets Unleashed aCOMPUTER SCIENCE  aIntranets Unleashed